[Event "SVK-chT3B2 2122"]
[Site "Slovakia"]
[Date "2022.02.13"]
[Round "4.4"]
[White "Kukla, Tomas"]
[Black "Bujna, Martin"]
[Result "1/2-1/2"]
[WhiteElo "1823"]
[BlackElo "1813"]
[PlyCount "134"]
[EventDate "2021.10.24"]
[EventType "team-tourn"]
[EventRounds "11"]
[EventCountry "SVK"]
[SourceTitle "EXT 2023"]
[Source "ChessBase"]
[SourceDate "2022.10.05"]
[SourceVersion "1"]
[SourceVersionDate "2022.10.05"]
[SourceQuality "1"]
[WhiteTeam "Trencin"]
[BlackTeam "Chynorany"]
[WhiteTeamCountry "SVK"]
[BlackTeamCountry "SVK"]

1. d4 e6 2. c4 Nf6 3. Nf3 b6 4. a3 Bb7 5. e3 Be7 6. Nc3 0-0 7. Be2 d5 8. 0-0 c5 9. cxd5 Nxd5 10. Qc2 Nf6 11. Rd1 Nbd7 12. e4 cxd4 13. Nxd4 Qc8 14. Bd3 Ne5 15. Be3 Nxd3 16. Qxd3 Rd8 17. Rac1 Qb8 18. Qc2 Ng4 19. Nf3 Nxe3 20. fxe3 Bc5 21. Rxd8+ Qxd8 22. Rd1 Bxe3+ 23. Kh1 Qc7 24. Qd3 Bc5 25. Nb5 Qf4 26. b4 Bxe4 27. Qc4 Be3 28. Rf1 Bxf3 29. Qxf4 Bxf4 30. Rxf3 Be5 31. Rd3 a6 32. Nc3 Rc8 33. Ne2 f6 34. g3 Rc2 35. Nd4 Bxd4 36. Rxd4 Rc3 37. Rd6 Kf7 38. a4 Ra3 39. Rxb6 Rxa4 40. Kg2 Ra3 41. h4 h5 42. b5 axb5 43. Rxb5 Kg6 44. Kf2 e5 45. Rb7 e4 46. Rb4 Kf5 47. Rc4 Rf3+ 48. Kg2 g5 49. hxg5 fxg5 50. Rb4 h4 51. gxh4 gxh4 52. Rb8 h3+ 53. Kh2 e3 54. Re8 Kg4 55. Re4+ Kf5 56. Re8 Kf4 57. Re7 Rf2+ 58. Kxh3 Kf3 59. Rf7+ Ke2 60. Re7 Rf6 61. Kg3 Kd2 62. Rd7+ Ke1 63. Ra7 e2 64. Ra1+ Kd2 65. Ra2+ Kd3 66. Ra3+ Kc4 67. Re3 e1Q+ 1/2-1/2